Oeuvres /
Bewaard in:
| Hoofdauteurs: | , |
|---|---|
| Formaat: | Onbekend |
| Taal: | French |
| Gepubliceerd in: |
Francia :
UNESCO,
c1996.
|
| Onderwerpen: | |
| Tags: |
Voeg label toe
Geen labels, Wees de eerste die dit record labelt!
|
MARC
| LEADER | 000000000a22000000004500 | ||
|---|---|---|---|
| 001 | 003361 | ||
| 020 | |a 9782234046719 | ||
| 041 | 0 | |a fre | |
| 082 | 0 | 4 | |a U863.4 |b S585o |
| 100 | 1 | |a Silva, José Asunción | |
| 100 | 1 | |a Gilard, Jacques, traductor | |
| 245 | 1 | 0 | |a Oeuvres / |c José Asunción Silva ; Jacques Gilard, traductor. |
| 260 | 1 | |a Francia : |b UNESCO, |c c1996. | |
| 300 | |a 522 páginas : |b 1 ilustración | ||
| 650 | 4 | |a LITERATURA COLOMBIANA | |
| 650 | 4 | |a COLECCIONES DE ESCRITOS | |
| 650 | 4 | |a SIGLO XIX | |
| 999 | |c 9596 |d 9596 | ||
| 942 | |c BK |h U863.4 S585o |2 z | ||



